000 00295nam a2200133Ia 4500
100 _aSanders/ C.A.
942 _cBK
654 _aFoundry practice
245 _aFoundry sand practice
260 _bAmerican colloid co.
_aIllinois
_c1973
082 _a671.2
300 _a826
546 _aENGLISH
999 _c22533
_d22533